Impact assessment on reservation policy of women in higher education / (Record no. 141484)

MARC details
000 -LEADER
fixed length control field 00677nam a22001937a 4500
005 - DATE AND TIME OF LATEST TRANSACTION
control field 20170620142146.0
010 ## - LCCN (DPL NO)
LC control number ENG-118807
020 ## - INTERNATIONAL STANDARD BOOK NUMBER
International Standard Book Number 9788193183441
Terms of availability 800.00
035 ## - SYSTEM CONTROL NUMBER
System control number EN-102339
037 ## - SOURCE OF ACQUISITION
Source of stock number/acquisition DBAD/PUB
082 ## - DEWEY DECIMAL CLASSIFICATION NUMBER
Classification number 378.19822
100 ## - MAIN ENTRY--PERSONAL NAME
Personal name Kumari, B. Ratna
245 ## - TITLE STATEMENT
Title Impact assessment on reservation policy of women in higher education /
Statement of responsibility, etc by B. Ratna Kumari [and] P. Usha
260 ## - PUBLICATION, DISTRIBUTION, ETC. (IMPRINT)
Place of publication, distribution, etc Visakhapatanam
Name of publisher, distributor, etc Uday Publishing House
Date of publication, distribution, etc 2016
270 ## - ADDRESS
Address F.No.-507, B-2 Block Ganga Godavari, VUDA Apt. Industrial Estate, Visakhapatanam-530007
300 ## - PHYSICAL DESCRIPTION
Extent xviii,178p
Dimensions 21cm.(Hb)
500 ## - GENERAL NOTE
General note Includes Index
942 ## - ADDED ENTRY ELEMENTS (KOHA)
Source of classification or shelving scheme Dewey Decimal Classification
Item type English Books
Classification part 378.19822
Call number suffix KUM
Holdings
Withdrawn status Lost status Not for loan Collection code Home library Current library Date acquired Source of acquisition Cost, normal purchase price Full call number Barcode Copy number Cost, replacement price Koha item type
      Non-fiction R.K.Puram-8 R.K.Puram-8 20/06/2017 DBAD/PUB 800.00 378.19822 KUM EN-102339 1 800.00 English Books

© Delhi Public Library
Hit Counter
free hit counter